Veriteľský výbor počas konkurzu a reštrukturalizácie

Konkurz a reštrukturalizácia sú špecifické procesné inštitúty, ktorých cieľom je v prípade úpadku dlžníka dosiahnuť čo najvyššiu mieru uspokojenia pohľadávok jeho veriteľov. Konkurzné a reštrukturalizačné konanie sú preto pomerne zložité procesy, na ktorých participuje viacero subjektov.

Gespeichert in:
Bibliographische Detailangaben
1. Verfasser: Čurila, Dušan
Format: Buchkapitel
Sprache:Slowakisch
Schlagworte:
Tags: Tag hinzufügen
Keine Tags, Fügen Sie das erste Tag hinzu!

MARC

LEADER 00000naa a2200000 4500
001 0224601
005 20231208091612.1
041 0 |a slo 
044 |a SK 
245 1 0 |a Veriteľský výbor počas konkurzu a reštrukturalizácie  |c Dušan Čurila 
520 |a Konkurz a reštrukturalizácia sú špecifické procesné inštitúty, ktorých cieľom je v prípade úpadku dlžníka dosiahnuť čo najvyššiu mieru uspokojenia pohľadávok jeho veriteľov. Konkurzné a reštrukturalizačné konanie sú preto pomerne zložité procesy, na ktorých participuje viacero subjektov. 
610 2 0 |a konkurzy 
610 2 0 |a reštrukturalizácia 
610 2 0 |a úpadok podniku 
610 2 0 |a veritelia 
610 2 0 |a legislatíva 
100 1 |a Čurila, Dušan